Email english

保存先:
書誌詳細
第一著者: Emmerson, Paul
フォーマット: 図書
言語:Undetermined
出版事項: Oxford MacMillan 2004
主題:
タグ: タグ追加
タグなし, このレコードへの初めてのタグを付けませんか!
Thư viện lưu trữ: Trung tâm Học liệu Trường Đại học Cần Thơ
LEADER 00486nam a2200205Ia 4500
001 CTU_93471
008 210402s9999 xx 000 0 und d
020 |c 75000 
082 |a 428 
082 |b E54 
100 |a Emmerson, Paul 
245 0 |a Email english 
245 0 |c Paul Emmerson 
260 |a Oxford 
260 |b MacMillan 
260 |c 2004 
650 |a English language 
650 |x Writting 
904 |i Truc 
980 |a Trung tâm Học liệu Trường Đại học Cần Thơ